Распределение электронов по энергиям и неупругие столкновения в плазме ОТС; VIII Сибирское совещание по спектроскопии, г. Иркутск, 5-8 сентября 1972 г.

Bibliographische Detailangaben
Parent link:VIII Сибирское совещание по спектроскопии, г. Иркутск, 5-8 сентября 1972 г..— 1972.— С. 214-216
Weitere Verfasser: Солдатов А. Н., Муравьев И. И., Евтушенко Г. С. Геннадий Сергеевич, Фадеева В. Н.
Zusammenfassung:В фонде НТБ ТПУ отсутствует
Sprache:Russisch
Veröffentlicht: 1972
Schlagworte:
Format: MixedMaterials Buch
KOHA link:https://koha.lib.tpu.ru/cgi-bin/koha/opac-detail.pl?biblionumber=600882

MARC

LEADER 00000nam0a2200000 4500
001 600882
005 20250821111456.0
035 |a (RuTPU)RU\TPU\tpu\25440 
035 |a RU\TPU\tpu\25439 
090 |a 600882 
100 |a 20140721d1972 k y0rusy50 ca 
101 0 |a rus 
102 |a RU 
200 1 |a Распределение электронов по энергиям и неупругие столкновения в плазме ОТС  |f А. Н. Солдатов [и др.] 
333 |a В фонде НТБ ТПУ отсутствует 
463 |t VIII Сибирское совещание по спектроскопии, г. Иркутск, 5-8 сентября 1972 г.  |h [Ч. 1] : Атомная спектроскопия и спектральный анализ  |v С. 214-216  |d 1972 
610 1 |a труды учёных ТПУ 
701 1 |a Солдатов  |b А. Н. 
701 1 |a Муравьев  |b И. И. 
701 1 |a Евтушенко  |b Г. С.  |c российский специалист в области электрофизики  |c профессор Томского политехнического университета, доктор технических наук  |f 1947-  |g Геннадий Сергеевич  |3 (RuTPU)RU\TPU\pers\21960  |9 9279 
701 1 |a Фадеева  |b В. Н. 
801 1 |a RU  |b 63413507  |c 20131226 
801 2 |a RU  |b 63413507  |c 20140721  |g RCR 
942 |c BK